Statistiques concernant Invités du Floodcast

Cliquez ici pour prendre le quiz!

Statistiques générales

  • Ce quiz a été pris 31 fois
  • Le résultat moyen est 37 sur 198

Statistiques - réponses

Nombre d'apparitionsNoms% Correct
183Adrien Ménielle
100%
14Justine LePottier
84%
14Pierre Lapin
84%
2Carlito
79%
4Mcfly
79%
6Pi Ja Ma
79%
12Valentin Vincent
79%
4Mister V
74%
5BigFlo
68%
2Géraldine Nakache
68%
7Natoo
68%
1Oli
68%
1Pierre Niney
68%
9Aurélien Préveaux
63%
9Jérome Niel
63%
2Squeezie
63%
5Freddy Gladieux
58%
2Jonathan Cohen
58%
5Julien Josselin
53%
1Julien Ménielle
53%
3Monsieur Poulpe
53%
3Anis Rhali
47%
1Cyprien
47%
1Eric Judor
47%
1Orelsan
47%
1Ramzy Bedia
47%
5Baptiste Lecaplain
42%
3Kyan Khojandi
42%
5Laura Felpin
42%
2Antoine Daniel
37%
1Clément Cotentin
37%
1Léna Situations
37%
7Léopold Lemarchand
37%
5Mehdi Maïzi
37%
1Mister MV
37%
1Olivier Nakache
37%
1Pio Marmaï
37%
3Benjamin Tranié
32%
3Clara Lesage
32%
4Gaël Mectoob
32%
6Lucien Maine
32%
2Navo (Bruno Muschio)
32%
5Nicolas Berno
32%
1Queen Camille
32%
5Simon Astier
32%
6Sophie-Marie Larrouy
32%
3Vincent Tirel
32%
4Alison Wheeler
26%
4Antoine Piombino
26%
3Babor
26%
2Baptiste Lorber
26%
2Domingo
26%
5François Descraques
26%
5Julien Pestel
26%
6Morgane Cadignan
26%
1Raphaël Descraques
26%
4Sébastien Chassagne
26%
3Teddy Férent
26%
12 heures de perdues (Antoine, Sarah, Julie et Greg)
21%
2David Marsais
21%
5Eleonore Costes
21%
3Guigui Pop
21%
1Jean-Pascal Zadi
21%
1Ultia
21%
1Valentin Jean
21%
1Vincent Dedienne
21%
1Antoine De Caunes
16%
5Audrey Pirault
16%
2Calmos (David Honnorat et Hugo Alexandre)
16%
6Doully
16%
2Grégoire Ludig
16%
2Jenny Letellier
16%
1Laurie Peret
16%
1Lele O
16%
4Lucas Pastor
16%
1Maghla
16%
1Maxime Biaggi
16%
1Maxime Musqua
16%
1Melha Bedia
16%
2Mélody Collange
16%
3MYD
16%
1Panayotis Pascot
16%
1Ponce
16%
1Sébastien Vaniček
16%
1Théo Juice
16%
2Thomas VDB
16%
5Vanessa Brias
16%
6Axel Maliverney
11%
1Bérengère Krief
11%
2Camille Fievez
11%
1Cécile Marx
11%
1Davy Mourier
11%
1Djilsi
11%
1Etienne 4 U
11%
2Fanny Ruwet
11%
1Horty
11%
3Jack Parker (Taous Merakchi)
11%
5Jean-Baptiste Toussaint (TFTC)
11%
1Julien Granel
11%
1Lisa Villaret
11%
2Luciole
11%
1Ludoc
11%
1Ludovik
11%
1Malik Bentalha
11%
3Manon Bril
11%
1Marie de Brauer
11%
1Marion Creusvaux
11%
4Marjorie LeNoan
11%
3Maxence Lapérouse
11%
1Nash
11%
8Patrick Baud
11%
1Rivenzi
11%
1Rosa Burzstein
11%
1Sofia Lesaffre
11%
1Urbain
11%
1Yerim Sar
11%
1Alban Lenoir
5%
1Alex Ramires
5%
2Anna Apter
5%
2Anne-Sophie Girard
5%
1Arthur Sanigou
5%
1Ben Mazué
5%
1Camille Combal
5%
1Capitaine du Nexus VI
5%
1Cédric Salaun
5%
1Charlie Danger
5%
1Clara Kane
5%
1Guilhem Malissen
5%
3Jéremie Dethelot
5%
2Jérémie Galan
5%
1Jhon Rachid
5%
5Joe Hume
5%
1Joséphine Japy
5%
1Kalindi Ramphul
5%
1Kronomuzik
5%
1Lison Daniel
5%
2Marina Rollman
5%
1Marine Baousson
5%
1Maurice Barthélémy
5%
1Max Mammouth
5%
1Neefa
5%
2Pénélope Bagieu
5%
1Pierre-François Martin-Laval
5%
1Sébastien Lalanne
5%
1Slimane Baptiste Berhoun
5%
3Sylvqin
5%
1Thomas Gauthier
5%
1Thomas Wiesel
5%
1Tokou
5%
3Tom Evrard
5%
5Vesper
5%
1Akim Omiri
0%
1Amaury Magne
0%
1Ambre Lazarret
0%
1Anthony Mirelli
0%
2Aslak Lefebvre
0%
2Aude Gogny-Goubert
0%
4Ben Renaut
0%
1Camille Claris
0%
1Camille Lavabre
0%
1Caroline Anglade
0%
1Céline Tran (Katsuni)
0%
1Constance Labbé
0%
2Dan Gagnon
0%
1David Combet
0%
1David Fontao
0%
2Dedo
0%
1Elise Larnicol
0%
1Emy Ltr
0%
1Florence d'Angle droit
0%
1Ghislan Blique
0%
1Greg Romano
0%
1Guillaume Brouzes
0%
1Guillaume Pierret
0%
2Hakim Jemili
0%
1Ina Mihalache
0%
1Insaf Oo
0%
1Jean-Baptiste Siraudin
0%
1Jérome Commadeur
0%
1Jonathan Lambert
0%
2Julien Paniac
0%
1Lou Howard
0%
1Maud Givert
0%
2Navie
0%
1Ngiraan Fall
0%
2Ornella Fleury
0%
1Paul Scarfloglio
0%
1PV Nova
0%
2Robinson Latour
0%
1Roxane Bret
0%
1Shirley Souagnon
0%
1Solange te Parle
0%
1Sophie Garric
0%
1Sophie Riche
0%
1Thomas Hercouet
0%
3Timothée Hochet
0%
1Tiphaine Daviot
0%
1Yacine Belhousse
0%

Distribution des résultats

Percentile par nombre de réponses

% des personnes avec chaque résultat

Votre développement - résultats

Vous n’avez pas pris ce quiz